000 00547 a2200181 4500
003 OSt
005 20240122123405.0
008 240122b |||||||| |||| 00| 0 eng d
020 _a9789392115202
040 _coclc
082 _a297.40924
_bHUD/M
100 _aHudawi, C. Muhammed
_910295
245 _aMathnavai:
_bVivarthanavum Vyakyanavum /
_cC. Muhammed Hudawi
250 _a1st ed.
260 _aMalappuram:
_bBook Plus Publishers,
_c2022.
300 _a264p.
942 _2ddc
_cBK
_h297.40924
_iHUD/M
_k297.40924
_mHUD/M
999 _c43287
_d43287